Novelas y Caprichos / (Record no. 160791)

MARC details
000 -LEADER
campo de control de longitud fija 00584nam a22001575i 4500
001 - NÚMERO DE CONTROL
campo de control 160791
003 - IDENTIFICADOR DE NÚMERO DE CONTROL
campo de control ES-MaACL
005 - FECHA Y HORA DE LA ÚLTIMA TRANSACCIÓN
campo de control 20230906212128.0
008 - DATOS DE LONGITUD FIJA--INFORMACIÓN GENERAL
campo de control de longitud fija 950421s1892 sp |||| | spa d
040 ## - FUENTE DE CATALOGACIÓN
Centro catalogador/agencia de origen AS
Centro/agencia transcriptor CCPB | SIC
Lengua de catalogación spa
245 00 - MENCIÓN DEL TÍTULO
Título Novelas y Caprichos /
Mención de responsabilidad, etc. por el doctor Thebussem... [et al.].
260 ## - PUBLICACIÓN, DISTRIBUCIÓN, ETC.
Lugar de publicación, distribución, etc. Madrid :
Nombre del editor, distribuidor, etc. Compañía de Impresores y Libreros, á cargo de D.A. Avrial,
Fecha de publicación, distribución, etc. [s.a.]
300 ## - DESCRIPCIÓN FÍSICA
Extensión 300, III p. :
Otras características físicas il. ;
Dimensiones 19 cm.
594 #1 - Nota al título y mención de responsabilidad
Nota al título y mención de responsabilidad Precede al tít. : Almanaque de la España Moderna para el año 1892.
852 ## - LOCALIZACIÓN
Ubicación ES-MaACL
Número de control de estantería F-11384
Nota libre -- Enc. pasta española
Holdings
Estatus retirado Estado de pérdida Estado de daño No para préstamo Biblioteca de origen Biblioteca actual Ubicación en estantería Fecha de adquisición Fuente de adquisición Total de préstamos Signatura topográfica completa Código de barras Visto por última vez Precio de reemplazo Tipo de ítem Koha
        Biblioteca del Ateneo de Madrid Biblioteca del Ateneo de Madrid Sala Pecera Planta 2 17/01/2008     F-11384 1168380 23/02/2023 23/02/2023 Libro impreso